000 00939nam a22002537a 4500
005 20170124102923.0
010 _aB-051223
020 _c110.00
035 _aB-051223
037 _bCen Lib/Ret
040 _aDPL
_bHN
082 _a
_bगुरूद
100 _aगुरुदत्त
_94570
245 _aदासता के नए रूप /
_cगुरुदत्त
246 _aDassta ke naye roop /
_bby Gurudatt
260 _aनई दिल्ली
_bहिंदी साहित्य सदन
_c2001
270 _a१७/१७, पूर्वी पंजाबी बाग
_bनई दिल्ली
_e110032
300 _a292पृ.
_c19सेमी(सजिल्द)
650 _aहिंदी साहित्य
_942631
650 _aउपन्यास
_942632
650 _aHindi literature
_942633
650 _aFiction
_98901
942 _2ddc
_cHN
_h
_mगुरूद
999 _c111404
_d111404